000 00569nam a2200181Ia 4500
999 _c32477
_d32477
003 OSt
005 20201007121905.0
008 190216s9999||||xx |||||||||||||| ||und||
020 _a9780123748904
040 _coclc
082 _a005.82
_bCUS/C
100 _aCusick, Thomas W
_95374
245 0 _aCryptographic Boolean Functions And Applications /
_cThomas W Cusick ; Pantelimon Stanica
260 _bElsevier Science Publications,
_c2009.
_aNew York:
300 _a232p
650 _aEnglish
942 _cBK
_2ddc
_h005.82
_iCUS/C
_k005.82
_mCUS/C